El estudiante argentino: curso de lectura para quinto grado.
Saved in:
| Main Author: | |
|---|---|
| Format: | Unknown |
| Language: | Spanish |
| Published: |
2-Córdoba,Argentina
Pablo Aubinel Editor
1911
|
| Edition: | 5ª |
| Textbook Catalogue: | MANES: Library Catalog Search Result |
| Textbook Classification: |
|
| Tags: |
Add Tag
No Tags, Be the first to tag this record!
|
| Added to: | 2016-04-26 |
MARC
| LEADER | 000000000a22000000004500 | ||
|---|---|---|---|
| 001 | 15162 | ||
| 003 | OSt | ||
| 008 | 160427s sp ||||| |||| 00| 0 spa d | ||
| 041 | 1 | |a spa | |
| 040 | |c centro_manes | ||
| 691 | 7 | |a PRI | |
| 100 | 1 | |a Toledo Hidalgo, L |b Arreglador, Vocal del Consejo Provincial de Educación |b Catedrático del Colegio Nacional y de la Escuela Nacional de |9 11169 | |
| 245 | 0 | 0 | |a El estudiante argentino: curso de lectura para quinto grado. |
| 250 | |a 5ª | ||
| 260 | 3 | |a 2-Córdoba,Argentina |b Pablo Aubinel Editor |c 1911 | |
| 300 | |a 204 p. |c 11,5 x 19 cm | ||
| 500 | |a Quinta edición corregida. libro de tapas duras, no tiene ilustraciones. En el prefacio escrito por L. Toledo Hidalgo, aclara especialmente que la falta de libros de lectura para los grados medio y superior de la escuela lo indujo a | ||
| 690 | 0 | |a EyL | |
| 942 | |2 ddc |c BK | ||
| 546 | |a Argentina | ||
| 999 | |c 21136 |d 21136 | ||
| 999 | |c manes:21136 |d 21136 | ||